000 01880nam a2200277Ia 4500
008 260220t2003||||xx |||||||||||||| ||spa||
020 _a8448605241
040 _aPY-SlUNAC
_bspa
_erda
041 _aspa
082 _a574.192
_bM478b
100 _aMckee, Trudy
_eAutor
245 0 _aBioquímica :
_bla base molecular de la vida /
_cpor Trudy Mckee [Autor] y James R. Mckee [Autor]
250 _aTercera edición
264 _aMadrid :
_bMcGraw-Hill,
_c℗2003.
300 _a1 volumen
520 _aEl libro "Bioquímica: la base molecular de la vida" de Trudy Mckee es una obra fundamental que explora los principios y procesos bioquímicos que sustentan la vida. A través de un enfoque claro y accesible, Mckee presenta los componentes básicos de las biomoléculas, tales como carbohidratos, lípidos, proteínas y ácidos nucleicos, describiendo su estructura, función y la interrelación entre ellos. La autora también examina las rutas metabólicas y los mecanismos de regulación que permiten a los organismos mantener su homeostasis. Con un énfasis en la aplicación de la bioquímica en la biología y la medicina, el texto incluye ejemplos prácticos y estudios de caso que ilustran la importancia de esta disciplina en la comprensión de procesos biológicos complejos. Además, el libro está diseñado para ser utilizado tanto por estudiantes como por profesionales, con recursos didácticos que facilitan el aprendizaje. En conjunto, esta obra se erige como un recurso valioso para aquellos interesados en la biología molecular y la bioquímica.
653 _aBiología molecular
653 _aBioquímica
653 _aCiencias de la vida
700 _aMckee, James R.
_eAutor
942 _b2026/02/17
_cBK
999 _c8125
_d8125